000 00302 a2200133 4500
000 nam a22 7a 4500
100 _aAbha Pandey
110 _aAbha Pandey
245 _aLipschutz Data Structures
250 _alatest edition
260 _bPearson
_c2026
264 _bPearson
_c2026
942 _cBK
999 _c397196
_d397196